000 00883nam a22002297a 4500
005 20120831144739.0
008 120831t xxu||||| |||| 00| 0 eng d
010 _aENG-105739
020 _a9789381868003
_c395.00
035 _aEN-89272
037 _bDBAD/PUB
040 _aDPL
_bEng
082 _a613.7072
100 _aShunmuganathn, D.
_951911
245 _aMethodology of research in physical education /
_cby S. Shunmuganathn
260 _aNew Delhi
_bLakshay Publication
_c2012
270 _a7/26, Ground Floor, Ansari Road, Daryaganj
_bNew Delhi
_e110002
_mlakshaythani@hotmail.com
300 _a146p.
_c22cm(Hb)
500 _aIncludes bibliographical references
942 _2ddc
_cEN
_h613.7072
_mSHU
999 _c69597
_d69597